Paroles : Le Sud - Nino Ferrer - Statistiques

Statistiques générales
  • Ce quiz a été pris 576 fois
  • Le résultat moyen est 122 sur 145
Statistiques - réponses
Réponse % Correct
la
99%
le
99%
Le
99%
On
99%
on
99%
Sud
99%
à
98%
a
98%
dirait
98%
en
97%
et
97%
Et
97%
un
97%
Un
97%
C'est
96%
c'est
96%
du
96%
été
96%
qui
96%
million
95%
d'années
94%
l'Italie
94%
ressemble
94%
temps
94%
endroit
93%
Louisiane
93%
sur
92%
toujours
92%
de
91%
d'un
91%
dure
91%
Il
91%
il
91%
longtemps
91%
Plus
91%
vie
91%
y
90%
des
89%
joli
89%
étendu
86%
linge
85%
sûrement
85%
terrasse
84%
une
75%
bien
73%
ne
72%
poissons
72%
rouges
72%
chat
70%
pour
69%
sait
69%
tortue
69%
jour
67%
rien
67%
guerre
64%
manque
64%
pas
64%
se
64%
C'était
62%
faudra
62%
mais
62%
ou
62%
chiens
61%
pelouse
61%
qu'il
61%
même
60%
pourtant
60%
ait
59%
Tant
59%
dit
58%
pis
58%
destin
57%
faire
57%
l'autre
57%
quoi
56%
pu
53%
aurait
52%
vivre
52%
ça
51%
plein
49%
roulent
47%
d'enfants
46%
n'aime
41%
Aucun quiz correspondant
Distribution des résultats
% des personnes avec chaque résultat
Percentile par nombre de réponses
Votre historique - résultats
Vous n’avez pas pris ce quiz